Rezidentné programovanie

Na minha lista:
Detalhes bibliográficos
Autor principal: Mařik, Miroslav
Formato: Livro
Idioma:eslovaco
Publicado em: Prešov ZO SZM VUKOV 1989
Edição:1. vyd.
Tags: Adicionar Tag
Sem tags, seja o primeiro a adicionar uma tag!

MARC

LEADER 00000nam a2200000 4500
001 c026709
005 20221215071358.7
041 0 |a slo 
044 |a SK 
245 1 0 |a Rezidentné programovanie  |c Miroslav Mařik 
250 |a 1. vyd. 
264 1 |a Prešov  |b ZO SZM VUKOV  |c 1989 
300 |a 204 s. 
100 1 |a Mařik, Miroslav